Statistics for Olympic Medalists in Ice Hockey

Click here to take the quiz!

General Stats

  • This quiz has been taken 26,409 times
    (11,999 since last reset)
  • The average score is 10 of 12

Answer Stats

GSBCountry% Correct
1463Canada
100%
4122United States
100%
245Sweden
98%
128Finland
96%
121Russia
96%
012Germany / West Germany
91%
101Great Britain
84%
811Soviet Union / Unified Team
77%
101Czech Republic
75%
003Switzerland
70%
001Slovakia
67%
044Czechoslovakia
44%

Score Distribution

Percentile by Number Answered

Percent of People with Each Score

Your Score History

You have not taken this quiz since the last reset